000 00750nam a2200253Ia 4500
003 OSt
005 20220928123953.0
006 a|||||r|||| 00| 0
007 ta
008 220927b |||||||| |||| 00| 0 eng d
020 _c2326.9499999999998
024 _a114262
037 _b81, 18/11/2011, Aviva Books Company
_cTextual
040 _aSDCL
_cSDCL
_beng
041 _2eng
_aeng
082 _aX81:8, Q1
100 _aTarantino Anthony
_9462819
245 0 _aEssentials of risk management in finance.
260 _aHoboken
_bJohn Wiley
_c2011
300 _axv,304p
_ccm.
650 _aFinancial Studies
942 _hX81:8, Q1
_cTEXL
_2CC
999 _c775784
_d775784